Mari berubat dengan tumbuhan sekeliling anda.
| Main Author: | |
|---|---|
| Format: | Book |
| Published: |
Batu Caves, Selangor:
Ar-Risalah Product,
2011.
|
| Subjects: |
| LEADER | 00442cam a2200145 7i4500 | ||
|---|---|---|---|
| 001 | 0000028008 | ||
| 005 | 20121227090000.0 | ||
| 020 | 0 | 0 | |a 9789670268040 |
| 090 | 0 | 0 | |a P 615.321 |b SIT |
| 100 | 1 | 0 | |a Siti Fauziah Yusof |
| 245 | 1 | 0 | |a Mari berubat dengan tumbuhan sekeliling anda. |
| 260 | 0 | 0 | |a Batu Caves, Selangor: |b Ar-Risalah Product, |c 2011. |
| 300 | # | # | |a 664 p. |
| 650 | 0 | 0 | |a Herbs -- |x Therapeutic use |
| 999 | |a B000031347 |b Book |c Book |e Business Information Centre | ||


